|
|
|
|
| LEADER |
00000nab a2200000 a 4500 |
| 001 |
vtls010726247 |
| 003 |
SK-MaSNL |
| 005 |
20260304191501.0 |
| 008 |
250709s xo |||||||||||||||||slo| |
| 035 |
|
|
|a (urnnbn)urn:nbn:sk:snk:ar-a04zii
|
| 035 |
|
|
|a (uuid)31559ec7-59e0-4964-b24c-c79165fefd68
|
| 035 |
|
|
|a urn:nbn:sk:snk-ab3pzh
|
| 040 |
|
|
|a SNKBUCL
|b slo
|c SNKBUCL
|e AACR2
|
| 041 |
0 |
|
|a slo
|
| 044 |
|
|
|a xo
|c SK
|
| 100 |
1 |
|
|a Dedinská, Lenka,
|d 1916-2003
|4 aut
|9 36938
|
| 245 |
1 |
0 |
|a Literárna výchova na 1. stupni základnej školy
|c Lenka Dedinská
|
| 773 |
0 |
|
|t Slovenský jazyk a literatúra v škole : časopis pre otázky jazyka a literatúry
|g Roč. 23, č. 9 (1976-1977), s. 271-276
|
| 850 |
|
|
|a Slovenská národná knižnica
|
| 852 |
|
|
|a Slovenská národná knižnica
|
| 954 |
|
|
|a odborná, vedecká literatúra pôvodná (slovenská)
|2 lita
|
| 958 |
|
|
|a article1
|
| 958 |
|
|
|a OND
|
| 958 |
|
|
|a EUIPO
|
| 999 |
|
|
|c 3054513
|d 3056443
|